Manual de técnicas de gestión de vida silvestre/ (Registro nro. 330)

Detalles MARC
000 -CABECERA
Campo de control 01100nam a2200301 a 4500
005 - FECHA Y HORA DE LA ULTIMA TRANSACCION
Campo de control 20150214094811.0
008 - ELEMENTOS DE LONGITUD FIJA—INFORMACION GENERAL
Campo de control 140220b1987 -Us||||| |||| 00| 0 eng d
020 ## - ISBN
ISBN 0942635124
040 ## - FUENTE DE CATALOGACIÓN
Agencia catalogadora original CO-BoIAVH
Agencia transcriptora CO-BoIAVH
041 ## - IDIOMA
Código de idioma para texto/pista de sonido o título separado Español
044 ## - PAÍS DE PUBLICACIÓN
País de publicación Colombia
082 04 - NUMERO DE CLASIFICACION DECIMAL DEWEY
Número de clasificación 639.9091
Número del ítem O66m
090 ## - CLASIFICACIÓN LOCAL
Colección LB
Consecutivo 00310
111 2# - ASIENTO PRINCIPAL--NOMBRE DE REUNION
Nombre de reunión o de jurisdicción como elemento de entrada Foro Latinoamericano de Biodiversidad
Lugar de la reunión Santa Marta
Fecha de la reunión 96
245 1# - MENCION DE TITULO
Título Manual de técnicas de gestión de vida silvestre/
Mención de responsabilidad editado por Rubén Rodríguez Tarés: traducido al español por Braulio Orejas Miranda y Alfredo Fontes Riganti
250 ## - MENCION DE EDICION
Mención de edición 4 ed.
260 ## - PUBLICACION, DISTRIBUCION, ETC. (PIE DE IMPRENTA)
Lugar de publicación, distribución, etc. Washington:
Nombre del editor, distribuidor, etc. WWF International,
Fecha de publicación, distribución, etc. 1987.
300 ## - DESCRIPCION FISICA
Extensión 703 p.
650 #4 - ASIENTO SECUNDARIO DE MATERIA - TERMINO TEMATICO
Término temático o nombre geográfico como elemento de entrada Vida silvestre
650 #6 - ASIENTO SECUNDARIO DE MATERIA - TERMINO TEMATICO
Término temático o nombre geográfico como elemento de entrada Metodologías científicas
650 ## - ASIENTO SECUNDARIO DE MATERIA - TERMINO TEMATICO
Término temático o nombre geográfico como elemento de entrada Ecología de poblaciones
650 #6 - ASIENTO SECUNDARIO DE MATERIA - TERMINO TEMATICO
Término temático o nombre geográfico como elemento de entrada Gestión ambiental
650 #4 - ASIENTO SECUNDARIO DE MATERIA - TERMINO TEMATICO
Término temático o nombre geográfico como elemento de entrada Fauna silvestre
Subdivisión de forma guías, manuales.
Subdivisión general conservación
700 1# - ASIENTO SECUNDARIO - NOMBRE PERSONAL
Nombre personal Rodríguez Tarrés, Rubén
Término de relación editor
700 1# - ASIENTO SECUNDARIO - NOMBRE PERSONAL
Nombre personal Orejas Miranda, Braulio
Término de relación traductor
700 1# - ASIENTO SECUNDARIO - NOMBRE PERSONAL
Nombre personal Fontes Riganti, Alfredo
Término de relación traductor
942 ## - ELEMENTOS ADICIONALES (KOHA)
Tipo de ítem Libro
Sistema de clasificación Dewey Decimal Classification
Existencias
Withdrawn status Lost status Sistema de Clasificación Damaged status No para préstamo Colección Inventariado Ubicación Permanente Ubicación actual Fecha de adquisición Fuente de Valor Valor Total Checkouts Número topográfico Inventario / Código de Barras Date last seen Ejemplar Price effective from Forma de adquisición Tipo de material
    Dewey Decimal Classification     General Inventariado 2017 Bogotá Bogotá 29/12/1997 Instituto 50000.00   LB-639.9091 O66m 000458 04/12/2012 Ej. 1 04/12/2012   Libro
    Dewey Decimal Classification     General Inventariado 2017 Sala Fabio Quevedo Sala Fabio Quevedo 14/02/2015 Instituto 50000.00   LB-639.9091 O66m 038772 14/02/2015 Ej. 2 14/02/2015   Libro